000 00830nam a22002057a 4500
999 _c13643
_d13643
003 AR-CdUCM
008 190416b ||||| |||| 00| 0 spa d
040 _aMUNICIPALIDAD PROVINCIAL DEL CUSCO
_cBIBLIOTECA MUNICIPAL DEL CUSCO
082 _a985.613 /
_bU26
100 _aUgarte Ochoa, Marco Aurelio
_932090
245 _aLa Convención :
_bEl trabajo y sus luchas sociales /
260 _aPerú :
_bImp.Amauta,
_c1983.
300 _a149 paginas ;
_c20 cm.
505 _aContenido :Algunos embozos necesarios para la historia de la Convención --El papel de Cuzco en la colonización de la Ceja de montaña y la de montaña --Un ejemplo de neufeudalismo: La Convención ...
650 _aLa Convencion
_98740
650 _aCultivo
_919546
650 _aNeofeudalismo
_932137
942 _2ddc
_cLIBROS
945 _arjall
_d2019-04-16